BSOP header

The fourth dimension : (Record no. 1002)

MARC details
000 -LEADER
fixed length control field 00461nam a2200145 4500
008 - FIXED-LENGTH DATA ELEMENTS--GENERAL INFORMATION
fixed length control field 010424s2000 flu engCA
020 ## - INTERNATIONAL STANDARD BOOK NUMBER
International Standard Book Number 0882703803
090 ## - LOCALLY ASSIGNED LC-TYPE CALL NUMBER (OCLC); LOCAL CALL NUMBER (OCLC)
Classification number (OCLC) (R) ; Classification number, CALL (RLIN) (NR) BV220
Local cutter number (OCLC) ; Book number/undivided call number, CALL (RLIN) Yo8f
100 1# - MAIN ENTRY--PERSONAL NAME
Personal name Cho, David Yonggi
245 10 - TITLE STATEMENT
Title The fourth dimension :
Remainder of title discovering a new world of answered prayer /
Statement of responsibility, etc David Yonggi Cho
260 ## - PUBLICATION, DISTRIBUTION, ETC. (IMPRINT)
Place of publication, distribution, etc Florida :
Name of publisher, distributor, etc Bridge-Logos Publishers,
Date of publication, distribution, etc c2000.
300 ## - PHYSICAL DESCRIPTION
Extent xviii, 156 p.
650 #4 - SUBJECT ADDED ENTRY--TOPICAL TERM
Topical term or geographic name as entry element Intercessory prayer
650 #4 - SUBJECT ADDED ENTRY--TOPICAL TERM
Topical term or geographic name as entry element Prayer
General subdivision Christianity
Holdings
Withdrawn status Lost status Damaged status Not for loan Home library Current library Shelving location Date acquired Accession number Shelving control number Total Checkouts Full call number Barcode Date last seen Price effective from Koha item type
        BSOP Library BSOP Library GC 12/21/2000 23448 127   BV220/Yo8f 00015949 02/23/2013 02/23/2013 Books
BSOP

Biblical Seminary of the Philippines
  All rights Reserved
  © 2024

CONTACT INFORMATION

Biblical Seminary of the Philippines,
  77-B Karuhatan Road, Valenzuela City,
  PHILIPPINES 1441
  Phone: +632 8292-6795 / 8292-6798
  Fax : +632 8292-6675
  Email: library@bsop.edu.ph